| 000 | 00740nam a2200253Ia 4500 | ||
|---|---|---|---|
| 003 | OSt | ||
| 005 | 20251203113535.0 | ||
| 008 | 210210b2001 xxu||||| |||| 00| 0 eng d | ||
| 020 | _a8173024650 | ||
| 040 | _cAL | ||
| 041 | _aKannada | ||
| 082 | _aK894.9 NAYC | ||
| 100 |
_aNayaka Ha Ma _9133012 |
||
| 110 |
_aನಾಯಕ ಹಾ ಮಾ _9247379 |
||
| 245 |
_aChaduranga _b: ಚದುರಂಗ |
||
| 260 |
_aBengaluru _bNavakarnataka Prakashana _c2001 |
||
| 300 | _a124 | ||
| 650 |
_aKendra Sahitya Akademi Prashasti _9133013 |
||
| 690 |
_aKannada Criticism _9133014 |
||
| 700 |
_aGurudatta, Pradhan Ed _9247380 |
||
| 710 |
_aಗುರುದತ್ತ, ಪ್ರಧಾನ್ ಸಂ _9247383 |
||
| 906 | _a056219 | ||
| 942 |
_2ddc _cBK |
||
| 999 |
_c103670 _d103670 |
||